សិក្សាលើការប្រើប្រាស់ឧបករណ៍ម៉ាស៊ីនកសិកម្មនៅតំបន់ស្រែតំបន់ស្រែអំពិល (Record no. 4124)

000 -LEADER
fixed length control field 00579nam a22001577a 4500
003 - CONTROL NUMBER IDENTIFIER
control field OSt
005 - DATE AND TIME OF LATEST TRANSACTION
control field 20151206154353.0
008 - FIXED-LENGTH DATA ELEMENTS--GENERAL INFORMATION
fixed length control field 151206b xxu||||| |||| 00| 0 eng d
040 ## - CATALOGING SOURCE
Transcribing agency RUA
082 ## - DEWEY DECIMAL CLASSIFICATION NUMBER
Classification number ATM ទេព 1994 B190 Or.1
100 ## - MAIN ENTRY--PERSONAL NAME
9 (RLIN) 4423
Personal name ទេព ចាន់លី
245 ## - TITLE STATEMENT
Title សិក្សាលើការប្រើប្រាស់ឧបករណ៍ម៉ាស៊ីនកសិកម្មនៅតំបន់ស្រែតំបន់ស្រែអំពិល
260 ## - PUBLICATION, DISTRIBUTION, ETC. (IMPRINT)
Place of publication, distribution, etc. Phnom Penh
Name of publisher, distributor, etc. RUA
Date of publication, distribution, etc. 1994
300 ## - PHYSICAL DESCRIPTION
Extent 82p.
Other physical details ill.
Dimensions 29cm.
942 ## - ADDED ENTRY ELEMENTS (KOHA)
Source of classification or shelving scheme
Koha item type ATM
Holdings
Price effective from Date last seen Permanent Location Not for loan Date acquired Source of classification or shelving scheme Koha item type Barcode Lost status Damaged status Shelving location Withdrawn status Current Location Full call number
2015-12-062015-12-06Library Block B 2015-12-06 ATMRUA043494  B190 Library Block BATM ទេព 1994 B190 Or.1
2015-12-062015-12-06Library Block B 2015-12-06 ATMRUA043373  B190 Library Block BATM ទេព 1994 B190 Or.2
2015-12-062015-12-06Library Block B 2015-12-06 ATMRUA043433  B190 Library Block BATM ទេព 1994 B190 Or.3
មជ្ឈមណ្ឌលឯការនៃសាកលវិទ្យាល័យភូមិន្ទកសិកម្មចំការដូង

Powered by Koha